| 000 | 01154nam a2200325 a 4500 | ||
|---|---|---|---|
| 001 | 000109248 | ||
| 003 | CHAP | ||
| 005 | 20220329144043.0 | ||
| 008 | 140411s2013 mx sm |||||||spa d | ||
| 010 | _a105710 | ||
| 011 | _a106682 | ||
| 040 | _cCHAP | ||
| 090 | _aTesis | ||
| 100 | 1 |
_aMorales Hernández, José Evani _9126421 |
|
| 245 | 1 | 0 |
_aDistribución temporal de la lluvia por eventos _h[En línea] _cpor José Evani Morales Hernández. |
| 260 |
_aChapingo, Méx. : _bEl autor, _c2013. |
||
| 500 | _aPara ver el contenido del material haga clic en la liga | ||
| 502 | _aTesis (Ing. Agr. Esp. en Irrigación )-- UACH. Departamento de Irrigación | ||
| 590 |
_aBATCH-UPD _b05 _c20141002 _lUCH01 _h0900 |
||
| 590 |
_aE5765TAJ _b05 _c20140411 _lUCH01 _h1346 |
||
| 590 |
_aE5765TAJ _b05 _c20140411 _lUCH01 _h1400 |
||
| 650 | 1 | 4 |
_aLluvia _xEfecto en suelos. _967322 |
| 650 | 1 | 4 |
_aLluvia _xMedición. _967325 |
| 650 | 1 | 4 |
_aPrecipitación (Meteorología) _zChiapas. _991362 |
| 650 | 1 | 4 |
_aSuelos _xBalance hídrico. _9110215 |
| 856 |
_aFinding aid _uhttp://10.13.5.2/tesis/sist109248.pdf _zTeclea aquí |
||
| 901 | _aBK | ||
| 942 | _cTESIS | ||
| 942 | _n0 | ||
| 999 |
_c105710 _d105710 |
||